| 000 | 00705cam a22002413a 4500 | ||
|---|---|---|---|
| 001 | 3057 | ||
| 003 | PGUSA | ||
| 005 | 20140828083025.0 | ||
| 008 | 020201s2002||||xxu|||||s|||||000 | eng d | ||
| 040 |
_aPGUSA _beng |
||
| 042 | _adc | ||
| 050 | 4 | _aBS | |
| 245 | 1 | 4 |
_aThe Common Edition : _bNew Testament _h[electronic resource] |
| 260 |
_bProject Gutenberg, _c2002 |
||
| 500 | _aThis is a translation of the Bible. | ||
| 506 | _aCopyrighted. Read the copyright notice inside this book for details. | ||
| 516 | _aElectronic text | ||
| 653 | _aBible. New Testament | ||
| 700 | 1 | _aClontz, Timothy | |
| 830 | 0 |
_aProject Gutenberg _v3057 |
|
| 856 | 4 | 0 | _uhttp://www.gutenberg.org/ebooks/3057 |
| 942 | _cEB | ||
| 999 |
_c232386 _d232386 |
||